African Sexuality in the Context of HIV and AIDS (Record no. 4061)

MARC details
000 -LEADER
fixed length control field 00421nam a22001577a 4500
003 - CONTROL NUMBER IDENTIFIER
control field OSt
005 - DATE AND TIME OF LATEST TRANSACTION
control field 20250130105146.0
008 - FIXED-LENGTH DATA ELEMENTS--GENERAL INFORMATION
fixed length control field 250130b |||||||| |||| 00| 0 eng d
040 ## - CATALOGING SOURCE
Transcribing agency Parliament of Kenya
082 ## - DEWEY DECIMAL CLASSIFICATION NUMBER
Classification number 362.109
Item number PAC
100 ## - MAIN ENTRY--PERSONAL NAME
Dates associated with a name 2013
245 ## - TITLE STATEMENT
Title African Sexuality in the Context of HIV and AIDS
260 ## - PUBLICATION, DISTRIBUTION, ETC. (IMPRINT)
Place of publication, distribution, etc. Kampala,Uganda
Name of publisher, distributor, etc. Pan African Christian AIDS Network
Date of publication, distribution, etc. 2013
300 ## - PHYSICAL DESCRIPTION
Extent 145p.
942 ## - ADDED ENTRY ELEMENTS (KOHA)
Source of classification or shelving scheme Dewey Decimal Classification
Koha item type Books
Holdings
Withdrawn status Lost status Source of classification or shelving scheme Damaged status Not for loan Home library Current library Date acquired Total Checkouts Full call number Barcode Date last seen Price effective from Koha item type
    Dewey Decimal Classification     Bunge Tower Library Bunge Tower Library 01/30/2025   362.109 PAC 2025/0011 01/30/2025 01/30/2025 Books
    Dewey Decimal Classification     Bunge Tower Library Bunge Tower Library 01/31/2025   362.109 PAC 2025/0038 01/31/2025 01/31/2025 Books
    Dewey Decimal Classification     Bunge Tower Library Bunge Tower Library 01/31/2025   362.109 PAC 2025/0039 01/31/2025 01/31/2025 Books
LIBRARY OPENING HOURS

When the Parliament is sitting: 8.00a.m - 7.00p.m or until the house adjourns
Mondays and Fridays and when the House is on Recess:  8.00a.m - 5.00p.m
Closed on Weekends and Public Holidays

Online Public Access Catalog (OPAC)
Website: http://www.parliament.go.ke
Bunge Library: https://libraryir.parliament.go.ke
Contact: library@parliament.go.ke | Tel no: (254-2)2221291 or 2848000 Ext 5043